Ekonomická pridaná hodnota (EVA) a možnosti jej uplatnenia v praxi diplomová práca

Uložené v:
Podrobná bibliografia
Hlavný autor: Holotová, Martina
Korporativný autor: Fakulta podnikového manažmentu EU. Katedra podnikových financií
Ďalší autori: Šrenkel, Ľudovít
Médium: Kniha
Jazyk:Slovak
Vydavateľské údaje: Bratislava 2015
Tagy: Pridať tag
Žiadne tagy, Buďte prvý, kto otaguje tento záznam!

MARC

LEADER 00000nbm a2200000 4500
001 0201230
005 20161212100932.9
041 0 |a slo 
044 |a SK 
245 1 0 |a Ekonomická pridaná hodnota (EVA) a možnosti jej uplatnenia v praxi  |b diplomová práca  |c Martina Holotová ; školiteľ: Ľudovít Šrenkel 
264 1 |a Bratislava  |c 2015 
300 |a 76 s. 
100 1 |a Holotová, Martina 
700 1 |a Šrenkel, Ľudovít 
710 2 |a Fakulta podnikového manažmentu EU. Katedra podnikových financií